| 000 | 00719nam a2200229 4500 | ||
|---|---|---|---|
| 001 | 256 | ||
| 003 | OSt | ||
| 005 | 20250224133835.0 | ||
| 008 | 250224b |||||||g |||| 00| 0 eng d | ||
| 040 | _bpor | ||
| 041 | _hpor | ||
| 082 |
_a352.16 _bI16 |
||
| 245 | _aIBIÁ 1978 / | ||
| 260 |
_aBelo Horizonte _bExpediente _c1978 |
||
| 300 |
_a31 p. _bil. |
||
| 520 | _aA revista IBIÁ 1978, apresenta o histórico da cidade, abordando temas como: os períodos políticos, a agropecuária, a industria e comércio, a comunicação, o turismo, a educação e cultura, etc... | ||
| 650 | 0 |
_aMunicípio de Ibiá _9476 |
|
| 650 | 0 |
_aEntrevista _9477 |
|
| 650 | 0 |
_aHistória _9116 |
|
| 655 | 0 |
_aRevista _9475 |
|
| 942 |
_2ddc _n0 _cBK |
||
| 999 |
_c256 _d256 |
||